Speak Chinese

Guardat en:
Dades bibliogràfiques
Autor corporatiu: National Taiwan Normal University
Format: Llibre
Idioma:Undetermined
Publicat: Taiwan, China National Taiwan Normal University, Mandarin Training Center 1989
Matèries:
Etiquetes: Afegir etiqueta
Sense etiquetes, Sigues el primer a etiquetar aquest registre!

MARC

LEADER 00000nam a2200000Ia 4500
008 170316s9999 xx 000 0 und d
090 |a 415-CH N-2s 
110 |a National Taiwan Normal University 
245 |a Speak Chinese 
260 |a Taiwan, China 
260 |b National Taiwan Normal University, Mandarin Training Center 
260 |c 1989 
300 |a 572 páginas 
650 |a GRAMÁTICA CHINA 
650 |a ENSEÑANZA DEL IDIOMA CHINO - MANDARIN 
999 |c 18889  |d 18889 
040 |a cru BVZT 
942 |c 15 D  |h 415-CH N-2s  |2 z